Ready to go! / (Record no. 5165)

MARC details
000 -LEADER
fixed length control field 01043nam a22003017a 4500
001 - CONTROL NUMBER
control field 5165
003 - CONTROL NUMBER IDENTIFIER
control field FISKH
005 - DATE AND TIME OF LATEST TRANSACTION
control field 20241108115336.0
008 - FIXED-LENGTH DATA ELEMENTS--GENERAL INFORMATION
fixed length control field 241108b cb ||||| |||| 00| 0 eng d
020 ## - INTERNATIONAL STANDARD BOOK NUMBER
International Standard Book Number 9781442435384
040 ## - CATALOGING SOURCE
Original cataloging agency FISKH
Language of cataloging eng
Transcribing agency FISKH
Modifying agency FISKH
050 ## - LIBRARY OF CONGRESS CALL NUMBER
Classification number PZ7.H267447
082 ## - DEWEY DECIMAL CLASSIFICATION NUMBER
Classification number 415
100 ## - MAIN ENTRY--PERSONAL NAME
Personal name Harvey, Alex
Dates associated with a name (1935-1982)
245 ## - TITLE STATEMENT
Title Ready to go! /
Statement of responsibility, etc. adapted by Alex Harvey based on the screenplay " Vocaciones!" by Brian J. Bromberg illustrated by Art Mawhinney
250 ## - EDITION STATEMENT
Edition statement First edition in 2012
260 ## - PUBLICATION, DISTRIBUTION, ETC.
Place of publication, distribution, etc. New York :
Name of publisher, distributor, etc. Scholastic,
Date of publication, distribution, etc. 23 cm
300 ## - PHYSICAL DESCRIPTION
Extent 22 pages :
Other physical details Color illustrations ;
Dimensions 23 cm
505 ## - FORMATTED CONTENTS NOTE
Formatted contents note L<br/>
520 ## - SUMMARY, ETC.
Summary, etc. Dora and Diego prepare to go on a camping trip by getting sleeping bags, flashlights, and binoculars, but when Swiper steals their campfire snacks, they have to find them.
521 8# - TARGET AUDIENCE NOTE
Target audience note 520L<br/>
Source Lexile<br/>
521 8# - TARGET AUDIENCE NOTE
Target audience note L<br/>
Source Raz-Plus<br/>
650 ## - SUBJECT ADDED ENTRY--TOPICAL TERM
Source of heading or term Camping
Topical term or geographic name entry element Trip
650 ## - SUBJECT ADDED ENTRY--TOPICAL TERM
Source of heading or term Fiction
Topical term or geographic name entry element Find
700 ## - ADDED ENTRY--PERSONAL NAME
Personal name Mawhinney, Art
Dates associated with a name Illustrator
942 ## - ADDED ENTRY ELEMENTS (KOHA)
Source of classification or shelving scheme Dewey Decimal Classification
Koha item type Books
Suppress in OPAC No
Holdings
Withdrawn status Lost status Source of classification or shelving scheme Damaged status Not for loan Collection Home library Current library Shelving location Date acquired Total Checkouts Full call number Barcode Date due Date last seen Date last checked out Copy number Price effective from Koha item type
    Dewey Decimal Classification     Fiction Footprints International School Library Network Toul Kork Campus Footprints International School Library Network Toul Kork Campus TK Primary Library Room(4th Floor), Bookcase 3&4, Shelves 17-32, Yellow Books 11/08/2024 1 HAR 415 PZ7.H267447 FISTK01193 04/08/2026 03/25/2026 03/25/2026 1 11/08/2024 Books